000 00284nam a22001097a 4500
082 _a621.381 ARP'E
100 _aEME DIRECTORATE GHQ
_975269
245 _aARMY MAINTENANCE BOOK ELECTRONIC EQUIPMENTS
260 _aGHQ RAWALPINDI
_bEME DIRECTORATE
_c1982
300 _a307P
942 _cBK
999 _c580719
_d580719